[Event "Oslo Nordstrand op"]
[Site "Oslo"]
[Date "2013.04.12"]
[Round "1"]
[White "Storre, Trond"]
[Black "Georgiev, Vladimir"]
[Result "0-1"]
[WhiteElo "2041"]
[BlackElo "2559"]
[PlyCount "78"]
[EventDate "2013.04.12"]
[EventType "swiss"]
[EventRounds "5"]
[EventCountry "NOR"]
[SourceTitle "CBM 154 Extra"]
[Source "ChessBase"]
[SourceDate "2013.06.25"]
[SourceVersion "2"]
[SourceVersionDate "2013.06.25"]
[SourceQuality "1"]

1. d4 Nf6 2. c4 e6 3. Nf3 b6 4. g3 Bb4+ 5. Bd2 a5 6. Bg2 0-0 7. 0-0 Ba6 8. Qc2 c5 9. Bf4 cxd4 10. Nxd4 Ra7 11. Nc3 Bxc3 12. Qxc3 d6 13. Nc2 Rc7 14. Na3 e5 15. Be3 Nbd7 16. b4 d5 17. Bg5 Bxc4 18. Rfc1 axb4 19. Qxb4 Bxe2 20. Bxd5 Rxc1+ 21. Rxc1 Nxd5 22. Bxd8 Nxb4 23. Be7 Nc5 24. Bxf8 Kxf8 25. Rb1 Nca6 26. Re1 Bd3 27. Rxe5 Nc5 28. f3 Nxa2 29. Rd5 Ke7 30. Rd4 Nc3 31. Kg2 Ke6 32. Nc4 Bxc4 33. Rxc4 Nd5 34. Kf2 Kd6 35. Rg4 g6 36. Rh4 h5 37. g4 Nd3+ 38. Kg3 N3f4 39. gxh5 gxh5 0-1